Top Coffee Chains in the UK - Statistics

General Stats
  • This quiz has been taken 91 times
  • The average score is 2 of 10
Answer Stats
# Answer % Correct
2 Starbucks
100%
1 Costa Coffee
73%
3 Caffè Nero
44%
5 Wild Bean Cafe
6%
7 Coffee Republic
5%
9 Muffin Break
1%
8 AMT Coffee
0%
6 M&S Cafe
0%
4 SSP
0%
10 Thornton's Cafe
0%
No matching quizzes found
Score Distribution
Percent of People with Each Score
Percentile by Number Answered
Your Score History
You have not taken this quiz